000 00480nam a2200169Ia 4500
999 _c28214
_d28214
003 OSt
005 20201203101243.0
008 190216s9999||||xx |||||||||||||| ||und||
040 _coclc
082 _a894.8124
_bJOS/L
100 _aJoseph, M C
_97156
245 0 _aM C Yude Lekhanangal /
_cM C Joseph
260 _bPoorna Publications,
_c1991.
_aKozhikode:
300 _a147p
650 _aLekhanam
942 _cBK
_2ddc
_h894.8124
_iJOS/L
_k894.8124
_mJOS/L